Zgadnij zadymiarza z brawl stars - Statystyki

Ogólne statystyki
  • Ten quiz został rozwiązany 2 974 razy
  • Średni wynik to 8 z 13
Statystyki odpowiedzi
podpowiedź zadymiarz % Poprawnych
kaktus Spike
99%
kruk Kruk
95%
pingwin Pan P
87%
barman Barley
71%
pszczoła Bea
70%
piratka Penny
61%
muzyk Poco
57%
górnik Dynamike
56%
górniczka Jacky
55%
botaniczka Rosa
48%
krewetka Hank
44%
breja Squeak
26%
ochroniarz Grom
18%
Nie znaleziono quizów pasujących do podanych kryteriów
Rozkład punktacji
Procent ludzi z każdym wynikiem
Percentyl według liczby udzielonych odpowiedzi
Twoja historia wyników
Nie rozwiązałeś tego quizu